| 000 | 00397 a2200145 4500 | ||
|---|---|---|---|
| 999 |
_c328330 _d328330 |
||
| 001 | 93257 | ||
| 003 | NUST | ||
| 005 | 20180120130253.0 | ||
| 008 | 180120b xxu||||| |||| 00| 0 eng d | ||
| 020 | _a978-0-07-181671-7 | ||
| 082 | _a621.381553/WIL | ||
| 100 |
_aWilliams, Arthur Bernard _99188 |
||
| 245 | _aAnalog Filter and Circuit Design Handbook | ||
| 260 |
_aNew York _bMc Graw Hill _c2014 |
||
| 300 | _axviii,619p. | ||
| 500 | _aAvionics Reference Book | ||
| 942 |
_aCAE NUST _cBK _k621.381553/WIL _2ddc |
||